| 000 | 00578nam a2200157 i 4500 | ||
|---|---|---|---|
| 001 | 162940 | ||
| 003 | ES-MaACL | ||
| 005 | 20230906212632.0 | ||
| 008 | 050712s1882 sp f |||| | spa d | ||
| 100 | 1 |
_aRamos, Mariano Eduardo. _9131582 |
|
| 245 | 1 | 0 |
_aHidalguida _b: poema épico en doce cantos / _cpor el C. Mariano Eduardo Ramos. |
| 260 |
_aPuebla de Zaragoza : _b[s.n.], _c1882 ( _fImp. de A. González y Cª) |
||
| 300 |
_a106 p., [1] h. de lám. ; _c22 cm. |
||
| 752 |
_aEspaña - _cZaragoza - _dPuebla de Zaragoza |
||
| 852 |
_aES-MaACL _jG-1800 _z- Enc. hol. con hierros |
||
| 999 |
_c162940 _d162940 |
||